| 000 | 00583 a2200169 4500 | ||
|---|---|---|---|
| 020 | _a1591405440 | ||
| 020 | _a159140570X | ||
| 040 |
_aDLC _bDLC |
||
| 082 | _a621.382 | ||
| 245 | 0 | 0 |
_aMobile and wireless systems beyond 3G : managing new business opportunities _bmanaging new business opportunities _cMargherita Pagani |
| 260 |
_aHershey PA : _bIRM Press, _cc2005. |
||
| 300 |
_axiii, 398 p. : _bill. ; _c26 cm. |
||
| 650 | 0 | _aCellular telephone services industry. | |
| 650 | 0 | _aWireless communication systems. | |
| 700 | 1 |
_aPagani, Margherita, _d1971- |
|
| 942 |
_cBK _k621.382 PAG _2ddc |
||
| 999 |
_c8163 _d8163 |
||